Mortality of little brown following multiple pesticide applications (Registro nro. 10992)

Detalles MARC
000 -CABECERA
Campo de control 006260000a22002050004500
090 ## - CLASIFICACIÓN LOCAL
Colección AR
Consecutivo 01915
041 0# - IDIOMA
Código de idioma para texto/pista de sonido o título separado
100 1# - ASIENTO PRINCIPAL--NOMBRE PERSONAL
Nombre personal Kunz, Thomas H.
245 10 - MENCION DE TITULO
Título Mortality of little brown following multiple pesticide applications
650 14 - ASIENTO SECUNDARIO DE MATERIA - TERMINO TEMATICO
Término temático o nombre geográfico como elemento de entrada Toxicología
650 14 - ASIENTO SECUNDARIO DE MATERIA - TERMINO TEMATICO
Término temático o nombre geográfico como elemento de entrada Mortalidad
650 14 - ASIENTO SECUNDARIO DE MATERIA - TERMINO TEMATICO
Término temático o nombre geográfico como elemento de entrada Murciélagos
650 14 - ASIENTO SECUNDARIO DE MATERIA - TERMINO TEMATICO
Término temático o nombre geográfico como elemento de entrada Ecología
651 #4 - ASIENTO SECUNDARIO DE MATERIA - NOMBRE GEOGRAFICO
-- New Hampshire
653 ## - TERMINO DE INDIZACION - NO CONTROLADO
-- Myotis
-- Myotis lucifugus
700 1# - ASIENTO SECUNDARIO - NOMBRE PERSONAL
Nombre personal Anthony P., Edythe L.
700 1# - ASIENTO SECUNDARIO - NOMBRE PERSONAL
Nombre personal Rumage, W. Timothy
773 1# - Item fuente:
Título Journal Wildlife Management
Especificación de materiales 212
Descripción física 3
Paginas del Articulo 476-483
Lugar, editorial y fecha de publicación 1977
Información sobre la relación 41
942 ## - ELEMENTOS ADICIONALES (KOHA)
Tipo de ítem Artículo
Existencias
Withdrawn status Lost status Damaged status No para préstamo Colección Ubicación Permanente Ubicación actual Fecha de adquisición Datos de publicación Seriada Total Checkouts Número topográfico Inventario / Código de Barras Date last seen Ejemplar Price effective from Forma de adquisición Tipo de material
      No para Préstamo Hemeroteca Bogotá Bogotá 27/02/2015 Fuera de circulación   AR 01915 012286 25/03/2015 1 25/03/2015   Artículo